| 000 | 00710nam a2200169 a 4500 | ||
|---|---|---|---|
| 001 | 15638 | ||
| 003 | CO-ViMGA | ||
| 008 | 141112s2004 ck r 000 u spa d | ||
| 020 | _a01236326 | ||
| 040 |
_aCO-ViMGA _bspa _cCO-ViMGA |
||
| 110 |
_aEl Tiempo _98972 |
||
| 245 | 1 | 0 | _aPORTAFOLIO MARZO 19 - 2003 |
| 260 |
_aBogotá, _cCasa editorial el Tiempo |
||
| 505 | _aCon Chip frenan robo de carros : Hurto de automotores 16 - - Guía para acercarse al universo de las PYMES : Financiación, legalización 30 - - Control personalizado a las hormonas de las mujeres : Terapia hormonal.menopausia 33 - - Los riesgos de la Efedrina : Adelgazar.obesidad 34 | ||
| 650 | 1 | 4 |
_aEconomía Y NEGOCIOS _922583 |
| 942 |
_2ddc _cBK |
||
| 999 |
_c25816 _d25816 |
||